000 00524nam a22001937a 4500
003 OSt
005 20140310183023.0
008 130215t xxu||||| |||| 00| 0 eng d
050 _aPS 9993
_b.N163 1990
082 _aFIL 823
_bN14 1990
245 _ahe rice conspiracy
_ba novel
_cNakpil, Carmen Guerrero
260 _aMetro Manila, Philippines
_bVessel Books
_cc1990
300 _a219 p.
_c23 cm.
521 _acollege students
526 _c1210L-1700L
541 _j1
562 _e1
942 _2lcc
_cBK
_kFIL
999 _c18387
_d18387